00538nam a2200193 a 4500001001300000003000900013005001700022008004100039020001000080082001600090245003100106260006000137300000900197500003500206505001700241650002300258650002200281710004100303nice12345678IN_TiNIC20260116012333.0050524s1944 wasa grp 000 0 ara  ac10000a892.73bCAI aMukhtarat Min-Adabul Arabi aWashingtonbAmerican Council of Learned Societiesc1944 a370p aincludes index and biblioraphy2 aBibliography aArabic-Course Book aArabic-Literature2 aCommittee on Arabic & IslamicStudies